[Event "GER-ch U25-B"]
[Site "Willingen"]
[Date "2017.06.07"]
[Round "6"]
[White "Lorenz, Anouk"]
[Black "Robelly Garrido, David Emilio"]
[Result "1-0"]
[WhiteElo "1210"]
[BlackElo "1058"]
[PlyCount "63"]
[EventDate "2017.06.04"]
[EventType "swiss"]
[EventRounds "9"]
[EventCountry "GER"]
[SourceTitle "CBM 178 Extra"]
[Source "ChessBase"]
[SourceDate "2017.06.22"]
[SourceVersion "1"]
[SourceVersionDate "2017.06.22"]
[SourceQuality "1"]

1. e4 e5 2. Nf3 Nc6 3. Bc4 Nf6 4. d4 exd4 5. 0-0 Be7 6. e5 Ne4 7. Re1 f5 8. Nbd2 d5 9. Bb3 b5 10. a4 Ba6 11. axb5 Bxb5 12. c4 Nxd2 13. cxb5 Nxf3+ 14. Qxf3 Nb4 15. Qxf5 Qd7 16. e6 Qxb5 17. Rd1 Rf8 18. Qxh7 Qe2 19. f3 d3 20. Qxg7 Nc2 21. Qg6+ Kd8 22. Bxc2 dxc2 23. Rf1 Bc5+ 24. Be3 Bxe3+ 25. Kh1 c1Q 26. e7+ Kxe7 27. Qg7+ Rf7 28. Qe5+ Kd7 29. Raxc1 Rg8 30. Rxc7+ Kd8 31. Qd6+ Ke8 32. Rc8# 1-0

[Event "GER-ch U25-B"]
[Site "Willingen"]
[Date "2017.06.04"]
[Round "2"]
[White "Grimm, Nicola Marie"]
[Black "Robelly Garrido, David Emilio"]
[Result "0-1"]
[WhiteElo "1239"]
[BlackElo "1058"]
[PlyCount "64"]
[EventDate "2017.06.04"]
[EventType "swiss"]
[EventRounds "9"]
[EventCountry "GER"]
[SourceTitle "CBM 178 Extra"]
[Source "ChessBase"]
[SourceDate "2017.06.22"]
[SourceVersion "1"]
[SourceVersionDate "2017.06.22"]
[SourceQuality "1"]

1. d4 d5 2. Bf4 c6 3. e3 e6 4. c3 Nf6 5. Nf3 Nbd7 6. Nbd2 b6 7. Be2 Bb7 8. Qc2 g6 9. a3 Bg7 10. Ne5 0-0 11. h4 c5 12. h5 cxd4 13. exd4 Ne4 14. Bd3 Ndf6 15. hxg6 fxg6 16. f3 Nd6 17. Bh6 Bxh6 18. Rxh6 Nf7 19. Rh3 Nxe5 20. dxe5 Nd7 21. Bxg6 h6 22. Rxh6 Qg5 23. Bh7+ Kf7 24. Bg6+ Ke7 25. Rh7+ Kd8 26. Qa4 Qxe5+ 27. Kd1 Qd6 28. Kc2 e5 29. Rd1 Qxg6+ 30. Kc1 Qxh7 31. Qg4 Nc5 32. Qb4 Nd3+ 0-1

[Event "GER-ch U25-B"]
[Site "Willingen"]
[Date "2017.06.04"]
[Round "1"]
[White "Robelly Garrido, David Emilio"]
[Black "Kiefhaber, Julius"]
[Result "1-0"]
[WhiteElo "1058"]
[BlackElo "1187"]
[PlyCount "99"]
[EventDate "2017.06.04"]
[EventType "swiss"]
[EventRounds "9"]
[EventCountry "GER"]
[SourceTitle "CBM 178 Extra"]
[Source "ChessBase"]
[SourceDate "2017.06.22"]
[SourceVersion "1"]
[SourceVersionDate "2017.06.22"]
[SourceQuality "1"]

1. e4 e5 2. Nf3 Nc6 3. d4 exd4 4. Bc4 Nf6 5. e5 Ng4 6. Bxf7+ Kxf7 7. Ng5+ Ke8 8. Qxg4 Qe7 9. f4 d6 10. e6 h6 11. Qh5+ Kd8 12. Nf7+ Ke8 13. Nxh8+ Kd8 14. Nf7+ Ke8 15. Nxd6+ Kd8 16. Nf7+ Ke8 17. Nxh6+ Kd8 18. Nf7+ Ke8 19. f5 Bxe6 20. fxe6 Qxe6+ 21. Ne5+ Ke7 22. Bg5+ Kd6 23. Bf4 Re8 24. 0-0 Nxe5 25. Bxe5+ Qxe5 26. Qxe5+ Rxe5 27. Rxf8 Re2 28. Na3 a6 29. Rd1 c5 30. Rd2 Re7 31. Nc4+ Kc7 32. Rf5 b6 33. Rdf2 Kc6 34. Ne5+ Kb5 35. c4+ Kb4 36. Nc6+ Ka4 37. Nxe7 Kb4 38. a3+ Kxc4 39. Rc2+ Kb3 40. Rff2 g5 41. Nc8 b5 42. Rxc5 a5 43. Nd6 b4 44. Rf3+ Kxb2 45. axb4 axb4 46. Rc4 b3 47. Rxd4 g4 48. Nc4+ Kc2 49. Rd2+ Kc1 50. Rf1# 1-0